| 000 | 00516nam a2200181Ia 4500 | ||
|---|---|---|---|
| 005 | 20260429112240.0 | ||
| 008 | 260429s9999||||xx |||||||||||||| ||und|| | ||
| 020 | _a9788186311807 | ||
| 041 | _aHindi | ||
| 082 |
_a891.43 _bPRE |
||
| 100 | _aप्रेमचंद | ||
| 245 | 0 |
_aकर्मभूमि / _cप्रेमचंद |
|
| 250 | _a0 | ||
| 260 |
_aदिल्ली : _bप्रकाशन संस्थान, _c2023. |
||
| 300 | _a258 p.; Hb | ||
| 650 | _aHindi Literature | ||
| 942 | _cTB | ||
| 999 |
_c53109 _d53109 |
||